Formule 1 - Circuits en images - Statistiques

Statistiques générales
  • Ce quiz a été pris 168 fois
  • Le résultat moyen est 14 sur 16
Statistiques - réponses
Par images Réponse % Correct
Monaco
99%
Spa-Francorchamps
99%
Las Vegas
91%
Baku
90%
Monza
88%
Mexique
87%
Spielberg
85%
Austin
84%
Shanghai
84%
Zandvoort
83%
Interlagos
81%
Marina Bay
81%
Gilles Villeneuve
79%
Silverstone
79%
Suzuka
76%
Jeddah
72%
Aucun quiz correspondant
Distribution des résultats
% des personnes avec chaque résultat
Percentile par nombre de réponses
Votre historique - résultats
Vous n’avez pas pris ce quiz